000
00340nam a22001457a 4500
008
180813b xxu||||| |||| 00| 0 eng d
020
_a
0879931604
041
_a
eng
080
_a
616.120
082
_a
616.120
100
_a
7
101
_a
KAR
245
_a
Developmental mechanisms of heart disease
_c
Clark.E.B
942
_2
udc
_c
BK
999
_c
47008
_d
47008